| 000 | 00499nam a22001577a 4500 | ||
|---|---|---|---|
| 003 | OSt | ||
| 005 | 20151130104329.0 | ||
| 008 | 151130b xxu||||| |||| 00| 0 eng d | ||
| 040 | _cRUA | ||
| 082 | _aFIS KHI 1996 B165 Or.1 | ||
| 100 |
_94016 _aKHIM, PENH |
||
| 245 | _aThe fresh water fishs of cambodia, ស្រាវជ្រាវប្រភេទត្រីទឹកសាបនៅកម្ពុជា | ||
| 260 |
_aPhnom Penh _bRUA _c1996 |
||
| 300 |
_a181p. _bill. _c29cm. |
||
| 942 |
_2ddc _cFIS |
||
| 999 |
_c3736 _d3736 |
||